| 000 | 00874nam a22002897a 4500 | ||
|---|---|---|---|
| 005 | 20230725103033.0 | ||
| 008 | 230126t xxu||||| |||| 00| 0 eng d | ||
| 020 | _a9781337794787 | ||
| 040 | _cCSPC | ||
| 050 | 0 | _aHF5635 | |
| 082 | 0 |
_a657.044 _bH365c |
|
| 100 |
_aHeintz, James A., _eauthor. |
||
| 245 | 0 | 0 |
_aCollege accounting : _bchapters 1-9 / _cJames A. Heintz and Robert W. Parry, Jr. |
| 250 |
_aTwenty-third _bedition |
||
| 260 |
_aBoston, MA: _bCengage Learning, _c2020 |
||
| 300 |
_axvi, 361 pages : _billustrations ; _c28 cm. |
||
| 336 |
_2rdacontent _atext |
||
| 337 |
_2rdamedia _aunmediated |
||
| 338 |
_2rdacarrier _avolume |
||
| 500 | _aIncludes index. | ||
| 650 | 1 | 0 | _aAccounting. |
| 700 | 1 |
_aParry, Robert W., Jr., _eauthor. |
|
| 940 | _amae | ||
| 942 |
_cBK _2ddc |
||
| 999 |
_c13046 _d13046 |
||